000 00849nas a2200265 4500
001 BR0201491
003 BR-BrBNA
005 20231205102817.0
007 ta
008 230509b bl.|||p| |||| 00| 00por d
040 _aBR-BrBNA
_bpor
_cBiblioteca Nacional de Agricultura
041 _a(Pt)
072 _aF07; P33
100 1 _aCorrêa, J.C.
245 1 _aEfeito de sistemas de cultivo na estabilidade de agregados de um latossolo vermelho-amarelo em Querência, MT
650 _aMATÉRIA ORGÂNICA
650 _aDESMATAMENTO
650 _aGRADE
650 _aLATOSSOLO VERMELHO AMARELO
650 _aSISTEMA DE CULTIVO
650 _aMATO GROSSO
773 0 _tPesquisa Agropecuária Brasileira (Brazil)
_xISSN 0100-204X
_g(Feb 2002), v. 37(2) p. 203-209
_wBR0201491
909 _a202311
_bLúcia
_c55
_dLúcia Elande
942 _2AGRIS
_n0
_cANA
999 _c169452
_d169452